| 000 -CABECERA |
| fixed length control field |
01697nam a22002057a 4500 |
| 003 - IDENTIFICADOR DEL NÚMERO DE CONTROL |
| control field |
AR-CdUCM |
| 008 - DATOS DE LONGITUD FIJA--INFORMACIÓN GENERAL |
| fixed length control field |
190318b ||||| |||| 00| 0 spa d |
| 040 ## - FUENTE DE LA CATALOGACIÓN |
| Agencia/entidad que catalogó originalmente la obra |
MUNICIPALIDAD PROVINCIAL DEL CUSCO |
| Entidad que transcribió la catalogación |
BIBLIOTECA MUNICIPAL DEL CUSCO |
| 082 ## - NÚMERO DE LA CLASIFICACIÓN DECIMAL DEWEY |
| No. de Clasificación |
986.2 / |
| Notacion interna |
F38 |
| 100 ## - ENTRADA PRINCIPAL--NOMBRE DE PERSONA |
| Nombre Personal |
Fermin Cevallos, Pedro |
| 245 ## - MENCIÓN DE TÍTULO |
| Título |
Historia del Ecuador / |
| 260 ## - PUBLICACIÓN, DISTRIBUCIÓN, ETC. |
| Lugar de publicación, distribución, etc. |
Quito : |
| Nombre de la editorial, distribuidor, etc. |
Municipio de Ambato, |
| Fecha de publicación, distribución, etc. |
1985. |
| 300 ## - DESCRIPCIÓN FÍSICA |
| Nº de Páginas Extensión |
5 tomos ; |
| Dimensiones |
20 cm. |
| 505 ## - NOTA DE CONTENIDO CON FORMATO |
| Nota de contenido formateada |
Contenido : t.1 : Los Quitus -- Reinado de Huaina - Capac -- Religión, gobierno, legislación, costumbres, armas, ciencias, artes y lengua de los incas -- Arribo de los españoles a Tumbes -- t.2 : Organización política, civil, eclesiastica, militar y restística -- Sublevaciones y motines de los indios y mestizos -- Sucesos del oriente -- Descripción del rió y riberas del y de Amazonas y de los pueblos que lo ocupan -- Arribo de los académicos franceses -- Expatriación de los padres jesuitas -- t.3 : Primera idea de emancipación -- Conspiración de 2 de agosto -- Arribo del presidente Montes -- Juramento de la constitución española -- t.4 : Entrevista de Bolívar y San Martín -- Estado político del Perú -- Expedición al Perú -- Congreso constitucional de 1824 -- Campaña de Sucre en el Alto Perú ... |
| 505 ## - NOTA DE CONTENIDO CON FORMATO |
| Nota de contenido formateada |
Tomo 5: Congreso constituyente - La constitución del estado -- Revolución de Urdaneta -- Insurrección del general López -- la sociedad del quiteño libre -- Estado de los partidos en la costa -- Convención de Quito -- Los decretos del 10 de febrero -- Segundo periodo presidencial del general Flores ... |
| 650 ## - PUNTO DE ACCESO ADICIONAL DE MATERIA--TÉRMINO DE MATERIA |
| Descriptor |
Historia |
| 9 (RLIN) |
18596 |
| 650 ## - PUNTO DE ACCESO ADICIONAL DE MATERIA--TÉRMINO DE MATERIA |
| Descriptor |
Ecuador |
| 9 (RLIN) |
10121 |
| 942 ## - ELEMENTOS DE PUNTO DE ACCESO ADICIONAL (KOHA) |
| Fuente de clasificación |
|
| Tipo de item |
Libros-BMC |
| 945 ## - PROCESAMIENTO DE INFORMACIÓN LOCAL (OCLC) |
| Catalogador |
rah |